Ord i ordbogen - Statistics

General Stats
  • This quiz has been taken 3 times
  • The average score is 12 of 15
Answer Stats
Question Answer % Correct
avatar Ja
100%
lommebillard Ja
100%
hyggehejsa Ja
100%
haricots verts Ja
100%
lol Ja
100%
offside Ja
100%
rødbynit Ja
100%
legit Nej
100%
rizz Nej
100%
goat Nej
100%
langstrømpe Nej
50%
cook Nej
50%
ferrari Nej
50%
skejs Ja
0%
ministerpølse Nej
0%
No matching quizzes found
Score Distribution
Percent of People with Each Score
Percentile by Number Answered
Your Score History
You have not taken this quiz